Online katalóg knižníc regiónu Turca

Zabijaci (Record no. 22680)

MARC details
000 -LEADER
fixed length control field 01180cam a2200385 4500
001 - CONTROL NUMBER
control field 22680
003 - CONTROL NUMBER IDENTIFIER
control field SK-KTurca
005 - DATE AND TIME OF LATEST TRANSACTION
control field 20260415152158.0
008 - FIXED-LENGTH DATA ELEMENTS--GENERAL INFORMATION
fixed length control field 230313s2022 xo g 010 f slo
015 ## - NATIONAL BIBLIOGRAPHY NUMBER
National bibliography number SNBA2023/03
020 ## - INTERNATIONAL STANDARD BOOK NUMBER
International Standard Book Number 9788081720482
Qualifying information (viazané)
040 ## - CATALOGING SOURCE
Original cataloging agency SNK
Language of cataloging slo
Transcribing agency SNK
Description conventions rda
041 1# - LANGUAGE CODE
Language code of text/sound track or separate title slo
Language code of original dan
044 ## - COUNTRY OF PUBLISHING/PRODUCING ENTITY CODE
MARC country code xo
ISO country code SK
072 #7 - SUBJECT CATEGORY CODE
Subject category code 821.11
Subject category code subdivision Germánske literatúry
Source konspekt
080 ## - UNIVERSAL DECIMAL CLASSIFICATION NUMBER
Universal Decimal Classification number 821.113.4-31
Edition identifier 2011
080 ## - UNIVERSAL DECIMAL CLASSIFICATION NUMBER
Universal Decimal Classification number (0:82-312.4)
Edition identifier 2011
100 1# - MAIN ENTRY--PERSONAL NAME
Personal name Adler-Olsen, Jussi,
Dates associated with a name 1950-
Relationship aut
240 10 - UNIFORM TITLE
Uniform title Fasandraeberne
Language of a work Slovensky
245 10 - TITLE STATEMENT
Title Zabijaci
Statement of responsibility, etc. Jussi Alder-Olsen
264 #1 - PRODUCTION, PUBLICATION, DISTRIBUTION, MANUFACTURE, AND COPYRIGHT NOTICE
Place of production, publication, distribution, manufacture Bratislava
Name of producer, publisher, distributor, manufacturer Aktuell
Date of production, publication, distribution, manufacture, or copyright notice 2022
300 ## - PHYSICAL DESCRIPTION
Extent 339 strán
Dimensions 24 cm
336 ## - CONTENT TYPE
Content type term text
Content type code txt
Source rdacontent
337 ## - MEDIA TYPE
Media type term bez média
Media type code n
Source rdamedia
338 ## - CARRIER TYPE
Carrier type term zväzok
Carrier type code nc
Source rdacarrier
500 ## - GENERAL NOTE
General note Z dánčiny preložili Milan Žitný a Silvia Šebová
655 #7 - INDEX TERM--GENRE/FORM
Genre/form data or focus term dánske romány
Source of term SNKPH
655 #7 - INDEX TERM--GENRE/FORM
Genre/form data or focus term detektívne romány
Source of term SNKPH
655 #7 - INDEX TERM--GENRE/FORM
Genre/form data or focus term Danish fiction
Source of term SNKPHeng
655 #7 - INDEX TERM--GENRE/FORM
Genre/form data or focus term Detective novels
Source of term SNKPHeng
700 1# - ADDED ENTRY--PERSONAL NAME
Personal name Žitný, Milan,
Dates associated with a name 1948-2019
Relationship trl
700 1# - ADDED ENTRY--PERSONAL NAME
Personal name Šebová, Silvia
Relationship trl
787 08 - OTHER RELATIONSHIP ENTRY
Relationship information Zo série:
Title Oddelenie Q
Related parts 2
942 ## - ADDED ENTRY ELEMENTS (KOHA)
Source of classification or shelving scheme Dewey Decimal Classification
Koha item type Krásna literatúra pre dospelých
Suppress in OPAC No
Holdings
Stav vyradenia Strata Poškodenie Spôsob nadobudnutia Domovská knižnica Aktuálna knižnica Dátum nadobudnutia Total checkouts Čiarový kód exemplára Date last seen Typ exemplára
      Dar Obecná knižnica Folkušová Obecná knižnica Folkušová 15.04.2026   4734401066 15.04.2026 Krásna literatúra pre dospelých
Projekt je podporený Slovenskou asociáciou knižníc
Prevádzkuje Turčianska knižnica Martin 2026